[Event "V Magistral Marcel Duchamp 2019"]
[Site "Montevideo"]
[Date "2019.02.22"]
[Round "7.3"]
[White "Gemy, Jose Daniel"]
[Black "Roselli Mailhe, Bernardo"]
[Result "1/2-1/2"]
[WhiteElo "2391"]
[BlackElo "2434"]
[Annotator "TA"]
[PlyCount "150"]
[EventDate "2019.02.17"]
[EventType "tourn"]
[EventCountry "URU"]
[SourceTitle "playchess.com"]
[Source "ChessBase"]
[SourceQuality "1"]

{[%evp 20,150,52,35,30,6,21,4,2,0,30,28,40,39,59,59,59,58,58,62,84,84,83,84,86,62,70,37,133,10,10,9,22,11,71,70,83,80,89,78,82,19,6,0,20,22,18,28,42,34,48,52,45,45,52,45,45,45,122,122,198,214,214,210,212,214,214,214,214,143,177,172,343,336,384,368,336,191,191,196,189,120,135,128,128,0,0,0,128,120,120,20,6424,128,128,136,229,229,120,0,148,143,148,139,1229,309,305,8,8,8,8,8,8,8,8,8,8,8,8,0,0,0,0,0,0,0,0,0,0,0,0,0,0]} 1. e4 e6 2. d4 d5 3. Nd2 c5 4. Ngf3 Nc6 5. exd5 exd5 6. Bb5 Bd6 7. dxc5 Bxc5 8. O-O Nge7 9. Nb3 Bd6 10. c3 O-O 11. Bg5 Re8 {C09: French Tarrasch: 3...c5 4 exd5 exd5 5 Ngf3 Nc6} (11... a6 12. Bd3 Bg4 13. Bh4 h6 14. Bg3 Bc7 15. Bxc7 Qxc7 16. Be2 Ng6 17. Nfd4 Bxe2 18. Nxe2 Rad8 19. Re1 Nce5 20. Nbd4 Nc4 21. Qc2 Qb6 {½-½ (59) Ankit,R (2455)-Istratescu,A (2671) Graz 2014}) 12. Bh4 Bg4 13. Re1 $146 ({Predecessor:} 13. Bg3 Bxg3 14. hxg3 Qb6 15. Nbd4 a6 16. Ba4 h6 17. Re1 Qxb2 18. Rb1 Qxc3 19. Rxb7 Bxf3 20. Nxf3 {1-0 (33) Galassi,F (2145)-Maggi,F (2003) Lodi 2008}) 13... Qb6 14. Bxe7 Rxe7 15. Qxd5 Rxe1+ 16. Rxe1 {Ng5 is the strong threat.} Ne7 17. Qd4 Bxf3 $1 18. Qxb6 $1 axb6 19. gxf3 g6 20. Rd1 Rd8 21. Kf1 Kf8 22. Ke2 Nf5 23. Bd3 Re8+ (23... Ng7 $14) 24. Be4 (24. Kf1 $16) 24... Bxh2 $11 25. Rh1 Be5 26. Rxh7 Nd6 (26... Bg7 $11) 27. Kd3 Rd8 28. Kc2 $1 Bg7 29. Rh1 Re8 30. Kd3 ({Better is} 30. Bd3 $16) 30... Re5 31. c4 Rh5 32. Rb1 Rh2 33. Bd5 Rxf2 34. Nd4 Bh6 35. Ne2 Rh2 36. a4 Rh5 37. b4 {[%cal Bb2b4,Bb4c5][%mdl 32]} Re5 38. f4 Rh5 ({Black should play} 38... Re7 $1 $14) 39. Rh1 $1 $16 Ke7 (39... Rxh1 $16 40. Bxh1 f5) 40. Rxh5 $18 gxh5 {[%mdl 4096] Endgame KBN-KBN} 41. c5 bxc5 42. bxc5 Nc8 43. Bxb7 Na7 44. Ke4 Kd7 45. Bd5 f6 $2 (45... h4 {might work better.} 46. Bxf7 Kc6) 46. Nd4 Bf8 47. Ne6 Be7 48. Kd4 (48. f5 $142) 48... h4 49. Kc4 h3 50. f5 (50. Nd4 $18) 50... h2 51. Nd4 Bd8 52. Be6+ (52. Bg2 $16) 52... Kc7 (52... Ke7 $11 53. Bd5 Kd7) 53. Bd5 $16 Kd7 $1 54. Bh1 Bc7 55. Nb5 (55. Bg2 $16) 55... Bb8 $2 {[%mdl 8192]} (55... Nc6 $11) 56. Nc3 $2 (56. Nxa7 $18 {and the rest is easy. White wants to mate with Nc6.} Bxa7 57. a5) 56... Be5 57. Nd5 Nc6 (57... Ke8 $16 58. a5 Kd7) 58. Nb6+ $18 Kc7 59. Nd5+ Kd7 60. Kb5 Nd4+ {[#]} 61. Kb6 $1 Nxf5 $2 {[%mdl 8192]} (61... Nb3 $16) 62. Kb7 $2 (62. a5 {Black must now prevent a6.} Bd4 63. Kb5) 62... Nd4 {[#]} 63. a5 $2 ({White has to play} 63. c6+ $1 $18 {[%mdl 512]} Kd8 (63... Nxc6 64. Nb6+) 64. c7+ Bxc7 65. Nxc7) 63... Nb3 $132 {[%mdl 2048] The position is equal. Black has counterplay} 64. c6+ Kd6 65. Kb6 Nxa5 66. Kxa5 Kxc6 67. Nxf6+ Kc5 {aiming for ...Bc3+.} 68. Ng4 Kd4 69. Nxe5 Kxe5 {KB-KP} 70. Kb4 {And now Kc4 would win.} Kd4 71. Bg2 Ke3 72. Kc3 Kf2 73. Bd5 Kg1 74. Kd2 h1=Q 75. Bxh1 Kxh1 {Accuracy: White = 50%, Black = 49%.} 1/2-1/2

[Event "V Magistral Marcel Duchamp 2019"]
[Site "Montevideo"]
[Date "2019.02.22"]
[Round "7.4"]
[White "Carbone, Diego"]
[Black "Lima, Darcy"]
[Result "0-1"]
[WhiteElo "2256"]
[BlackElo "2535"]
[Annotator "TA"]
[PlyCount "78"]
[EventDate "2019.02.17"]
[EventType "tourn"]
[EventCountry "URU"]
[SourceTitle "playchess.com"]
[Source "ChessBase"]
[SourceQuality "1"]

{[%evp 23,78,66,90,42,41,34,42,34,30,0,5,-7,13,-13,0,-7,0,-5,-5,-5,-5,-5,0,-18,-13,-13,-5,-10,-12,-9,-14,-12,-7,-12,-11,-16,-7,-17,0,-46,-41,-43,-47,-44,-28,-33,-63,-35,-40,-178,-145,-146,-141,-570,-556,-989,-963]} 1. d4 Nf6 2. c4 e6 3. g3 d5 4. Nf3 c5 5. Bg2 Nc6 6. O-O Be7 7. dxc5 Bxc5 8. cxd5 Nxd5 9. Qc2 Be7 10. Rd1 {E06: Closed Catalan: Early deviations} Bd7 11. e4 (11. Nc3 Nxc3 12. bxc3 O-O 13. Bf4 Qc8 14. Rab1 Rd8 15. Bg5 h6 16. Bxe7 Nxe7 17. Ne5 Bc6 18. Rxd8+ Qxd8 19. Nxc6 bxc6 {1-0 (85) Miton,K (2601)-Kovalenko,I (2653) Wroclaw 2014}) 11... Nb6 12. Nc3 {[%cal Bb1c3,Bc3e4,Be4d6][%mdl 32]} O-O {LiveBook: 5 Games} 13. e5 $146 ({Predecessor:} 13. Bf4 Qe8 14. Qe2 f6 15. Be3 Rd8 {½-½ (15) Filip,L (2480)-Foisor,O (2405) Mamaia 2012}) 13... Qb8 14. Bg5 h6 15. Bxe7 Nxe7 16. Ne4 Bc6 (16... Ba4 $5 17. b3 $8 Bc6 $11) 17. Nd6 Nbc8 18. Ne4 Ng6 {[%cal Be7g6,Bg6e5,Be5g4,Bg4e3][%mdl 32]} 19. Nd4 Nxe5 20. f4 Ng4 21. Nxc6 bxc6 22. Qxc6 Nb6 23. Qd6 (23. Rd3 {seems wilder.} Nd5 24. Rb3 Qd8 25. Bf3 Nge3 26. Qc5) 23... Ne3 24. Qxb8 Raxb8 25. Rdc1 Nbd5 26. b3 Nxg2 27. Kxg2 Rfd8 28. Rc6 Nb4 29. Rc7 a6 {[%cal Ba7a6,Ba6a5][%mdl 32]} 30. Rc4 Rd3 31. Kh3 a5 32. Nc5 {[#] aiming for a3.} Rd2 33. a3 Nd5 $36 {[%mdl 2048] Black has good play.} 34. Rac1 $1 g5 35. fxg5 hxg5 36. Rg4 (36. R4c2 $15 Rxc2 37. Rxc2) 36... f6 {[#] Strongly threatening ...Kf7.} 37. Nxe6 {White wants to play Rd4.} Ne3 {White must now prevent ...Kf7.} 38. Nxg5 $2 {[%mdl 8192]} (38. Re4 $17 {is a better chance.} Rxb3 39. Rc8+ Kf7 40. Rc7+ Kg6 41. Rg7+ Kf5 42. Rd4) 38... Nxg4 $19 ({Less strong is} 38... fxg5 39. Rxg5+ Kf7 40. Rc7+ Kf6 41. Rh5 $17) 39. Nf3 Nf2+ {Precision: White = 36%, Black = 67%.} 0-1

[Event "V Magistral Marcel Duchamp 2019"]
[Site "Montevideo"]
[Date "2019.02.22"]
[Round "7.5"]
[White "Lopez Azambuja, Nicolas"]
[Black "Hungaski, Robert"]
[Result "1/2-1/2"]
[WhiteElo "2320"]
[BlackElo "2520"]
[Annotator "TA"]
[PlyCount "133"]
[EventDate "2019.02.17"]
[EventType "tourn"]
[EventCountry "URU"]
[SourceTitle "playchess.com"]
[Source "ChessBase"]
[SourceQuality "1"]

{[%evp 21,133,21,27,0,10,0,0,0,19,0,17,0,0,0,0,0,-4,-8,22,0,-1,0,-19,-26,0,0,8,9,12,8,14,16,40,37,16,20,59,27,33,33,33,0,0,0,0,0,22,9,33,27,14,0,0,14,42,18,35,39,44,37,62,63,82,87,69,62,53,35,355,356,329,332,443,448,447,404,489,363,329,301,273,131,112,100,102,118,116,100,95,88,175,154,230,218,181,56,56,0,0,0,0,0,0,0,0,0,0,0,0,0,0,0,0,0]} 1. d4 d5 2. c4 dxc4 3. e3 e5 4. Bxc4 exd4 5. exd4 Nf6 6. Nf3 Be7 7. h3 O-O 8. O-O Nbd7 {[%cal Bb8d7,Bd7b6,Bb6d5][%mdl 32]} 9. Nc3 Nb6 10. Bb3 Nbd5 11. Re1 c6 12. Ne5 {D20: Queen's Gambit Accepted: 3 e3 and 3 e4} Be6 13. Bc2 (13. Bg5 Re8 14. Na4 h6 15. Bh4 Bb4 16. Rf1 Nf4 17. a3 Qxd4 18. Qxd4 Ne2+ 19. Kh1 Nxd4 20. Bxe6 Rxe6 21. axb4 Rxe5 22. Nb6 Rae8 23. Bxf6 gxf6 24. Nd7 Rf5 25. Rxa7 Re2 26. Rxb7 Rxb2 27. f4 Kg7 {0-1 (27) Tkachiev,V (2642)-Carlsen,M (2801) Moscow 2009}) 13... Re8 $146 ({Predecessor:} 13... c5 14. Bg5 cxd4 15. Ne2 Nb4 16. Bb1 Nd7 17. Bxe7 Qxe7 18. Qxd4 {½-½ (19) Tairi,F (2443)-Svenn,G (2362) Sweden 2007}) 14. a3 Nd7 15. Qd3 Nf8 16. Ne4 f6 17. Nf3 Bf7 18. Nh4 Qd7 19. Bd2 b6 20. Ng3 g6 21. Nf3 Ne6 22. Rac1 Bf8 (22... Nef4 $5 {[%cal Rf4d3]} 23. Qa6 Kg7 $11) 23. Ne4 Bg7 24. Ba4 Rac8 25. b4 Red8 26. b5 {[%cal Rb5c6]} cxb5 27. Bxb5 Qe7 28. Bc4 Qf8 29. Qb3 Nec7 $1 30. a4 {[%cal Ba3a4,Ba4a5][%mdl 32]} Rd7 31. a5 b5 32. Bf1 ({But not} 32. Bxb5 $2 Rb8 $19) 32... a6 33. Nc5 Rdd8 34. Qd3 Re8 35. g3 Rxe1 36. Rxe1 Re8 37. Rc1 Rd8 38. Bg2 Rd6 39. Nb7 $36 {[%mdl 2048] And now Rxc7 would win. White is pushing.} Re6 40. h4 Qb8 41. Nc5 Re7 42. Bh3 Bf8 43. Nh2 Qa8 44. Ng4 Ne6 $2 {[%mdl 8192]} (44... Qe8 $14) 45. Bg2 $18 Bg7 {[#]} 46. Nxa6 $1 {[%mdl 576] Deflection} Qxa6 47. Bxd5 Rd7 48. Ne3 Nc7 49. Bxf7+ Kxf7 50. Qb3+ Qe6 51. Qxe6+ (51. d5 $18 {is more deadly.} Nxd5 52. Qxb5) 51... Nxe6 $16 52. d5 Nd4 53. Kg2 {Black must now prevent Rc8.} Nb3 54. Rc2 Nxd2 55. Rxd2 {[%mdl 4096] Endgame KRB-KRN} f5 {[#]} (55... Ra7 $16) 56. a6 $1 $18 b4 (56... Ra7 $16) 57. Nc4 b3 {[%cal Bb4b3,Bb3b2][%mdl 32]} 58. f4 (58. d6 $18) 58... Ra7 $14 59. Rd3 ({White should play} 59. d6 $1 $14 b2 60. Nxb2 Bxb2 61. Rxb2 Rxa6 62. Rb7+ Ke6 63. Rxh7) 59... b2 $11 {The position is equal.} 60. Rb3 {Ne5+ is the strong threat.} Rxa6 61. Ne5+ Bxe5 62. fxe5 {Threatens to win with Rb7+. KR-KR} Ra5 63. Rb7+ Kg8 64. Rxb2 Rxd5 65. Rb8+ Kf7 66. Rb7+ Ke6 67. Rxh7 {Accuracy: White = 60%, Black = 51%.} 1/2-1/2

[Event "V Magistral Marcel Duchamp 2019"]
[Site "Montevideo"]
[Date "2019.02.23"]
[Round "8.1"]
[White "Tristan, Leonardo"]
[Black "Hungaski, Robert"]
[Result "1/2-1/2"]
[WhiteElo "2493"]
[BlackElo "2520"]
[Annotator "ChessBase"]
[PlyCount "25"]
[EventDate "2019.02.17"]
[EventType "tourn"]
[EventCountry "URU"]
[SourceTitle "playchess.com"]
[Source "ChessBase"]
[SourceQuality "1"]
[TimeControl "5400+30"]

1. d4 {[%emt 0:04:53]} f5 {[%emt 0:04:40]} 2. Nc3 {[%emt 0:00:16]} Nf6 {[%emt 0:00:12]} 3. Bg5 {[%emt 0:00:09]} d5 {[%emt 0:00:15]} 4. Bxf6 exf6 {[%emt 0:00:06]} 5. e3 {[%emt 0:00:15]} c6 {[%emt 0:00:28]} 6. Bd3 {[%emt 0:00:09]} Qb6 {[%emt 0:00:51]} 7. Rb1 {[%emt 0:00:20]} Qc7 {[%emt 0:01:03]} 8. Qf3 {[%emt 0:00:44]} g6 {[%emt 0:00:11]} 9. Nge2 {[%emt 0:00:06]} Bd6 {[%emt 0:00:29]} 10. h4 {[%emt 0:00:25]} h5 {[%emt 0:00:26]} 11. Nf4 {[%emt 0:00:06]} Bxf4 {[%emt 0:00:32]} 12. Qxf4 {[%emt 0:00:06]} Qxf4 {[%emt 0:00:05]} 13. exf4 {[%emt 0:00:05]} 1/2-1/2

[Event "V Magistral Marcel Duchamp 2019"]
[Site "Montevideo"]
[Date "2019.02.23"]
[Round "8.2"]
[White "Lima, Darcy"]
[Black "Lopez Azambuja, Nicolas"]
[Result "1-0"]
[WhiteElo "2535"]
[BlackElo "2320"]
[Annotator "TA"]
[PlyCount "49"]
[EventDate "2019.02.17"]
[EventType "tourn"]
[EventCountry "URU"]
[SourceTitle "playchess.com"]
[Source "ChessBase"]
[SourceQuality "1"]

{[%evp 11,49,7,2,-15,-10,-26,14,21,36,37,24,29,27,3,254,252,253,246,192,178,153,154,363,331,449,427,414,413,592,576,1013,716,753,752,734,732,879,869,29997,29998]} 1. g3 d5 2. Bg2 c6 3. f4 Nf6 4. d3 g6 5. Nf3 Bg7 6. O-O {A03: Bird's Opening with 1...d5} Qb6+ {LiveBook: 5 Games} (6... O-O 7. c3 Bg4 8. Ne5 Be6 9. Nd2 Nbd7 10. d4 Bf5 11. e3 h5 12. Qe2 Ne4 13. Nxe4 dxe4 14. Nxd7 Qxd7 15. b3 {0-1 (29) Bartel,M (2622)-Malakhov,V (2694) Berlin 2015}) 7. Kh1 Ng4 {And now ...Nf2+ would win.} 8. d4 {The position is equal.} Nh6 $146 ({Predecessor:} 8... h5 9. c3 Nd7 10. Ne5 Ndxe5 11. fxe5 h4 12. gxh4 Rxh4 13. h3 Bf5 {0-1 (30) Pang,Y (1981)-Blackburn,J (2185) Batumi 2018}) 9. Nc3 Nf5 10. e4 dxe4 11. Nxe4 Be6 12. g4 Nd6 $2 {[%mdl 8192]} (12... Bd5 $11 {and Black is okay.}) 13. Nxd6+ $18 exd6 {[#]} 14. f5 $1 {[%cal Rf5e6][%mdl 512]} Bd5 (14... gxf5 15. gxf5) 15. Qe1+ Kd7 16. Qg3 ({Don't do} 16. Bg5 $6 Re8 $14) 16... h6 $2 (16... Bxd4 $16 17. Nxd4 Qxd4) 17. Bf4 Bf8 18. fxg6 fxg6 19. g5 hxg5 (19... Kc7 {might work better.} 20. gxh6 Nd7 21. Qxg6 Be7) 20. Nxg5 Bc4 21. Rfe1 Na6 22. b3 Bg8 23. Bh3+ Kd8 24. c4 d5 {[#]} 25. Nf7+ $1 {[%mdl 512] Precision: White = 80%, Black = 12%.} 1-0

[Event "V Magistral Marcel Duchamp 2019"]
[Site "Montevideo"]
[Date "2019.02.23"]
[Round "8.3"]
[White "Roselli Mailhe, Bernardo"]
[Black "Carbone, Diego"]
[Result "1/2-1/2"]
[WhiteElo "2434"]
[BlackElo "2256"]
[Annotator "TA"]
[PlyCount "41"]
[EventDate "2019.02.17"]
[EventType "tourn"]
[EventCountry "URU"]
[SourceTitle "playchess.com"]
[Source "ChessBase"]
[SourceQuality "1"]

{[%evp 9,41,0,0,-17,16,18,27,25,25,23,38,25,41,29,18,13,8,0,0,3,0,0,0,0,22,-15,0,0,5,-27,-27,-25,-17,-58]} 1. d4 Nf6 2. Nf3 g6 3. Bf4 Bg7 4. e3 O-O 5. Be2 d6 6. c4 {A48: 1 d4 Nf6 2 Nf3 g6: Torre, London and Colle Systems} (6. O-O c5 7. c3 b6 8. h3 Bb7 9. Nbd2 Nbd7 10. a4 a6 11. Bh2 Ne4 12. Nxe4 Bxe4 13. Bd3 Bxd3 14. Qxd3 Qc7 15. Rfd1 Rfc8 16. Qe2 Qb7 17. e4 cxd4 18. cxd4 Rc7 19. e5 {1-0 (61) Vachier Lagrave,M (2779)-Grischuk,A (2766) Saint Louis 2018}) 6... b6 7. Nc3 Bb7 8. Qc2 {White has an edge.} Nbd7 9. O-O Re8 10. Rad1 Qc8 11. h3 e5 12. Bh2 exd4 13. Nxd4 $146 ({Predecessor:} 13. exd4 Ne4 14. Rfe1 Ndf6 15. Nxe4 Bxe4 16. Qc1 Qb7 {1-0 (24) Koziak,V (2470)-Jacek,K (2055) Police 2010}) 13... Ne4 14. Nd5 c6 15. Nf4 a5 {[%cal Ba7a5,Ba5a4][%mdl 32]} 16. Bf3 Ndf6 17. Nb3 a4 18. Nd2 {[%cal Rd2e4]} d5 19. cxd5 (19. Bxe4 $5 dxe4 20. Bg3 $11) 19... cxd5 20. Qb1 Qc5 21. a3 {Accuracy: White = 32%, Black = 53%.} 1/2-1/2

[Event "V Magistral Marcel Duchamp 2019"]
[Site "Montevideo"]
[Date "2019.02.23"]
[Round "8.4"]
[White "Hoffman, Alejandro"]
[Black "Gemy, Jose Daniel"]
[Result "1-0"]
[WhiteElo "2461"]
[BlackElo "2391"]
[Annotator "RC"]
[PlyCount "71"]
[EventDate "2019.02.17"]
[EventType "tourn"]
[EventCountry "URU"]
[SourceTitle "playchess.com"]
[Source "ChessBase"]
[SourceQuality "1"]
[TimeControl "5400+30"]

1. d4 {[%emt 0:00:00]} Nf6 {[%emt 0:12:42]} 2. c4 {[%emt 0:00:00]} e6 {[%emt 0:00:06]} 3. Nf3 {[%emt 0:00:11]} b6 {[%emt 0:00:04]} 4. g3 {[%emt 0:00:19]} Bb7 {[%emt 0:03:23]} 5. Bg2 {[%emt 0:00:10]} Be7 {[%emt 0:00:07]} 6. O-O {[%emt 0:00:10]} O-O {[%emt 0:00:02]} 7. Nc3 {[%emt 0:00:18]} Ne4 {[%emt 0:00:19]} 8. Bd2 {[%emt 0:00:16]} d5 {[%emt 0:07:23]} 9. cxd5 {[%emt 0:08:09]} exd5 {[%emt 0:00:11]} 10. Rc1 {[%emt 0:03:14]} Na6 {[%emt 0:31:40]} 11. Ne5 {[%emt 0:05:35]} Nxc3 {[%emt 0:09:45]} 12. Bxc3 {[%emt 0:03:19]} c5 {[%emt 0:00:22]} 13. e3 {[%emt 0:04:28]} f6 {[%emt 0:03:12]} 14. Nd3 {[%emt 0:01:39]} c4 {[%emt 0:00:59]} 15. Nf4 {[%emt 0:00:26]} Nc7 {[%emt 0:00:04]} 16. b3 {[%emt 0:00:46]} g5 {[%emt 0:05:41]} 17. Nh5 {[%emt 0:00:31]} cxb3 {[%emt 0:01:42]} 18. Qxb3 {[%emt 0:05:26]} Ba6 {[%emt 0:00:31]} 19. Rfe1 {[%emt 0:00:30]} Bc4 {[%emt 0:01:14]} 20. Qb1 {[%emt 0:01:31]} Nb5 {[%emt 0:03:53]} 21. e4 {[%emt 0:04:57]} Ba3 {[%emt 0:02:36]} 22. Bb2 {[%emt 0:07:55]} Bb4 {[%emt 0:00:09]} 23. e5 {[%emt 0:00:33]} Bxe1 {[%emt 0:12:21]} 24. Rxe1 {[%emt 0:00:03]} Qe8 {[%emt 0:00:55]} 25. Nxf6+ {[%emt 0:02:35]} Rxf6 {[%emt 0:00:04]} 26. exf6 {[%emt 0:00:05]} Qg6 {[%emt 0:00:16]} 27. Qxg6+ {[%emt 0:00:40]} hxg6 {[%emt 0:00:01]} 28. Re7 {[%emt 0:00:15]} Rf8 {[%emt 0:01:24]} 29. a4 {[%emt 0:03:15]} Nd6 {[%emt 0:00:03]} 30. Rg7+ {[%emt 0:00:19]} Kh8 {[%emt 0:00:01]} 31. Rxg6 {[%emt 0:00:10]} Re8 {[%emt 0:03:43]} 32. h4 {[%emt 0:03:01]} gxh4 {[%emt 0:00:09]} 33. Ba3 {[%emt 0:00:35]} hxg3 {[%emt 0:00:20]} 34. fxg3 {[%emt 0:00:34]} Nf7 {[%emt 0:00:58]} 35. Rg7 {[%emt 0:01:07]} Re3 {[%emt 0:00:39]} 36. Be7 {[%emt 0:08:11]} 1-0

[Event "V Magistral Marcel Duchamp 2019"]
[Site "Montevideo"]
[Date "2019.02.23"]
[Round "8.5"]
[White "Larrea, Manuel"]
[Black "Lujan, Carolina"]
[Result "1/2-1/2"]
[WhiteElo "2269"]
[BlackElo "2357"]
[Annotator "TA"]
[PlyCount "44"]
[EventDate "2019.02.17"]
[EventType "tourn"]
[EventCountry "URU"]
[SourceTitle "playchess.com"]
[Source "ChessBase"]
[SourceQuality "1"]

{[%evp 23,44,-7,-14,-77,-85,-95,-75,-82,-81,-92,-72,-94,-69,-106,-15,-15,-15,-15,-14,-21,-12,-14,-8]} 1. e4 d6 2. d4 Nf6 3. Nc3 g6 4. f4 Bg7 5. Nf3 O-O 6. Bd3 Nc6 7. O-O e5 8. d5 Ne7 9. fxe5 dxe5 10. Nxe5 c6 11. Bg5 {B09: Pirc Defence: Austrian Attack} cxd5 12. exd5 Nexd5 {LiveBook: 5 Games} 13. Nc4 $146 (13. Qe2 $11 {keeps the balance.} Re8 14. Nxd5 Qxd5 15. Bxf6 Bxf6 16. Rxf6 Rxe5 17. Qf2) ({Predecessor:} 13. Nxd5 Qxd5 14. Qf3 Qxf3 15. Rxf3 Ng4 16. Nxg4 Bxg4 17. Rf4 Be6 18. Bf6 Bxf6 19. Rxf6 {0-1 (63) Jensson,E (2386)-Jones,G (2665) chess.com INT 2017}) 13... Nxc3 $17 14. bxc3 b5 15. Ne3 Qb6 16. Kh1 {[#]} Bb7 $1 17. Rb1 a6 18. c4 {[%cal Rc4b5]} Qc5 ({Better is} 18... Ne4 $17 19. cxb5 axb5 20. Rxb5 Qc6) 19. Bxf6 $11 {The position is equal.} Bxf6 20. Rxf6 {Strongly threatening Qg1.} Qxe3 21. Qf1 ({Not} 21. cxb5 $2 {[#]} Bxg2+ $1 {[%mdl 512]} 22. Kxg2 Qg5+ 23. Kh1 Qxf6 $19) 21... Qg5 {Threatens to win with ...Bxg2+!} 22. Rf2 Qe7 1/2-1/2

[Event "V Magistral Marcel Duchamp 2019"]
[Site "Montevideo"]
[Date "2019.02.24"]
[Round "9.1"]
[White "Lujan, Carolina"]
[Black "Tristan, Leonardo"]
[Result "1/2-1/2"]
[WhiteElo "2357"]
[BlackElo "2493"]
[Annotator "TA"]
[PlyCount "31"]
[EventDate "2019.02.17"]
[EventType "tourn"]
[EventCountry "URU"]
[SourceTitle "playchess.com"]
[Source "ChessBase"]
[SourceQuality "1"]

{[%evp 13,22,18,12,-20,13,0,33,28,34,33,35]} 1. e4 e5 2. Nf3 Nc6 3. Bc4 Bc5 4. c3 Nf6 5. d3 d6 6. O-O a6 7. Bb3 O-O 8. Be3 {C54: Giuoco Piano: 4 c3 Nf6, main lines with 5 d4 and 5 d3} Ba7 9. Nbd2 Be6 10. Bxe6 fxe6 11. Bxa7 Rxa7 {Predecessor:} 12. Qb3 $146 Qe8 13. d4 Nd7 14. Rad1 Kh8 15. h3 h6 16. Rfe1 {½-½ (42) Fedorov,A (2617)-Adams,M (2735) playchess.com INT 2006} 1/2-1/2

[Event "V Magistral Marcel Duchamp 2019"]
[Site "Montevideo"]
[Date "2019.02.24"]
[Round "9.2"]
[White "Gemy, Jose Daniel"]
[Black "Larrea, Manuel"]
[Result "1/2-1/2"]
[WhiteElo "2391"]
[BlackElo "2269"]
[Annotator "TA"]
[PlyCount "43"]
[EventDate "2019.02.17"]
[EventType "tourn"]
[EventCountry "URU"]
[SourceTitle "playchess.com"]
[Source "ChessBase"]
[SourceQuality "1"]

{[%evp 22,43,40,30,50,10,50,48,48,48,96,47,49,42,45,50,50,45,50,45,38,24,28,0]} 1. e4 c5 2. Nf3 Nc6 3. c3 d5 4. exd5 Qxd5 5. d4 Bg4 6. Be2 cxd4 7. cxd4 e6 8. O-O Nf6 9. Nc3 Qd8 10. Be3 Be7 11. h3 Bh5 12. Qb3 a6 {B22: Sicilian: 2 c3} (12... Rb8 13. Rfd1 Nd5 14. Nxd5 exd5 15. Bf4 Bd6 16. Qxd5 Bxf4 17. Qxh5 O-O 18. d5 Ne7 19. d6 Ng6 20. d7 Qf6 {1-0 (56) Potapov,P (2493)-Debashis,D (2472) Doha 2016}) 13. Rfd1 {aiming for d5.} O-O (13... Na5 $5 {[%cal Ra5b3]} 14. Qc2 O-O $11) 14. d5 Na5 {White is slightly better.} 15. Qb6 exd5 16. Qxd8 Bxd8 17. Nxd5 Nxd5 $146 ({Predecessor:} 17... Nc6 18. Nf4 Re8 19. Nxh5 Nxh5 20. Rd7 {1-0 (57) Pinski,J (2245)-Javet,B (2085) Geneve 1997}) 18. Rxd5 Bg6 19. Ne5 Be4 $1 {[%cal Re4d5]} 20. Rd4 Bf5 21. Rc1 Re8 22. Nc4 1/2-1/2